Ursinho catavento (Record no. 49508)

MARC details
000 -LÍDER
campo de controle de tamanho fixo 00315 a2200145 4500
001 - NÚMERO DE CONTROLE
campo de controle 49508
020 ## - ISBN - INTERNATIONAL STANDARD BOOK NUMBER
ISBN - International Standard Book Number 8573893982
040 ## - FONTE DA CATALOGAÇÃO
Instituição que transcreveu o registro Anchieta - Bela Vista
100 ## - ENTRADA PRINCIPAL--NOME PESSOAL
Nome pessoal Goulart, Yedda
240 10 - TÍTULO UNIFORME
Título uniforme Ursinho catavento
Idioma da obra por
245 10 - TÍTULO
Título Ursinho catavento
300 ## - DESCRIÇÃO FÍSICA
Extensão 8
650 #4 - ASSUNTO--TERMO TÓPICO
Cabeçalho tópico ou nome geográfico Literatura infantil
942 ## - ELEMENTOS DE ENTRADA ADICIONADOS (KOHA)
Tipo de material Koha Livros
Holdings
Situação do descarte Situação das perdas Situação física Não pode ser emprestado Biblioteca de origem Biblioteca atual Data de aquisição Total de empréstimos Número de chamada completo Código de barras Data de último acesso Data do preço efetivo Tipo de material Koha
        Colégio Anchieta - Bela Vista Colégio Anchieta - Bela Vista 21/11/2023   LI 028.5 U82u URS 2280/BEL 21/11/2023 21/11/2023 Livros